| Tag |
First Indicator |
Second Indicator |
Subfields |
| LEADER |
00000cam a2200000 4500 |
| 001 |
in00001914913 |
| 006 |
m | d | |
| 007 |
cr |n||||||||n |
| 008 |
901211s1793 enk|||| s 00||||eng d |
| 005 |
20260406224726.8 |
| 035 |
|
|
|a (CStRLIN)ESTCT202620
|
| 040 |
|
|
|a Uk-ES
|c Uk-ES
|d CStRLIN
|d Thomson Gale
|d UtOrBLW
|
| 100 |
1 |
|
|a Cunningham, John,
|d 1729-1773.
|
| 243 |
1 |
0 |
|a Poems
|
| 245 |
1 |
4 |
|a The poetical works :
|b of Jo. Cunningham. With the life of the author.
|
| 264 |
|
3 |
|a London :
|b printed under the direction of J. Bell,
|c 1793.
|
| 300 |
|
|
|a 214p., plates ;
|c 12⁰.
|
| 336 |
|
|
|a text
|b txt
|2 rdacontent
|
| 337 |
|
|
|a computer
|b c
|2 rdamedia
|
| 338 |
|
|
|a online resource
|b cr
|2 rdacarrier
|
| 500 |
|
|
|a With an additional titlepage, engraved: 'Bell's edition. The poets of Great Britain .. 1781'.
|
| 500 |
|
|
|a Reproduction of original from the John Rylands University Library of Manchester.
|
| 510 |
4 |
|
|a English Short Title Catalog,
|c ESTCT202620.
|
| 533 |
|
|
|a Electronic reproduction.
|b Farmington Hills, Mich. :
|c Thomson Gale,
|d 2003.
|n Available via the World Wide Web.
|n Access limited by licensing agreements
|7 s2003 miunns
|
| 500 |
|
|
|a Electronic resource.
|
| 830 |
|
0 |
|a Eighteenth century collections online.
|
| 856 |
4 |
0 |
|u http://proxy.library.tamu.edu/login?url=https://galenet.galegroup.com/servlet/ECCO?c=1&stp=Author&ste=11&af=BN&ae=T202620&tiPG=1&dd=0&dc=flc&docNum=CW115210439&vrsn=1.0&srchtp=a&d4=0.33&n=10&SU=0LRK&locID=txshracd2898
|z Full text online
|t 0
|
| 999 |
|
|
|a MARS
|
| 999 |
f |
f |
|s a7146888-94d8-3708-b350-cd60bf4cb753
|i 3336e9d7-c36c-38dd-820c-621e1d1a5739
|t 0
|
| 952 |
f |
f |
|a Texas A&M University
|b College Station
|c Electronic Resources
|s www_evans
|d Available Online
|t 0
|h No information provided
|
| 998 |
f |
f |
|t 0
|l Available Online
|